[Event "Messina op 2nd"]
[Site "Messina"]
[Date "2012.08.31"]
[Round "7"]
[White "Spina, Simonpietro"]
[Black "Colnaghi, Davide"]
[Result "1/2-1/2"]
[WhiteElo "1730"]
[BlackElo "1690"]
[PlyCount "76"]
[EventDate "2012.08.27"]
[EventType "swiss"]
[EventRounds "8"]
[EventCountry "ITA"]
[SourceTitle "EXT 2014"]
[Source "ChessBase"]
[SourceDate "2013.11.20"]
[SourceVersion "1"]
[SourceVersionDate "2013.11.20"]
[SourceQuality "1"]

1. c4 d5 2. cxd5 Nf6 3. Nc3 Nxd5 4. g3 Bg4 5. Bg2 c6 6. Nf3 Nd7 7. Nxd5 cxd5 8. Qa4 Bxf3 9. Bxf3 e6 10. b3 Bc5 11. Bb2 0-0 12. Qg4 Nf6 13. Qh4 Ne4 14. Qxd8 Rfxd8 15. Bxe4 dxe4 16. Bc3 Rac8 17. 0-0 Bd4 18. Rfd1 Kf8 19. Bxd4 Rxd4 20. Rac1 Rxc1 21. Rxc1 Rxd2 22. Rc8+ Ke7 23. Rc7+ Rd7 24. Rc2 Rd1+ 25. Kg2 Kd7 26. e3 f5 27. h4 g6 28. Kh2 h6 29. Kg2 g5 30. hxg5 hxg5 31. Kh2 Ke7 32. Rc7+ Rd7 33. Rc2 Kf6 34. Kg2 e5 35. Rc4 f4 36. exf4 exf4 37. Rxe4 Kf5 38. Ra4 a6 1/2-1/2

[Event "Messina op 2nd"]
[Site "Messina"]
[Date "2012.08.30"]
[Round "5"]
[White "Rosolia, Giuseppe"]
[Black "Colnaghi, Davide"]
[Result "0-1"]
[WhiteElo "1817"]
[BlackElo "1690"]
[PlyCount "72"]
[EventDate "2012.08.27"]
[EventType "swiss"]
[EventRounds "8"]
[EventCountry "ITA"]
[SourceTitle "EXT 2014"]
[Source "ChessBase"]
[SourceDate "2013.11.20"]
[SourceVersion "1"]
[SourceVersionDate "2013.11.20"]
[SourceQuality "1"]

1. e4 e5 2. Nf3 d6 3. Be2 Be7 4. 0-0 f5 5. d3 Nf6 6. c3 0-0 7. Nbd2 Nbd7 8. Ng5 Nc5 9. b4 Ne6 10. Qb3 d5 11. Ndf3 Qd6 12. exd5 Nxd5 13. c4 Bxg5 14. Nxg5 Nd4 15. Qb2 Nxb4 16. a3 Nxe2+ 17. Qxe2 Nxd3 18. c5 Nxc5 19. Be3 Ne6 20. Rfd1 Qe7 21. Qc4 h6 22. Nf3 e4 23. Ne5 Kh7 24. Rac1 Rd8 25. Rxd8 Nxd8 26. Qc3 Bd7 27. Qxc7 Nc6 28. Rxc6 bxc6 29. Qxd7 Qxd7 30. Nxd7 Rd8 31. g4 Rxd7 32. gxf5 Rf7 33. Kg2 a6 34. Kg3 Rxf5 35. Kg4 Kg6 36. a4 Ra5 0-1